00362nam a2200133Ia 4500008004100000041000800041082001600049100002600065245004500091250000700136260004400143300003000187365001100217240624s9999 xx 000 0 und d aeng a428.007 CEL aCELCE MURCIA MARIANNE aTECHNIQUES AND RESOURCES IN TEACHING GRA a11 c1988aNew YorkbOxford University press aii, : 189 : p. : cm. ; 23 cRSb32